书目信息 |
| 题名: |
女人的资本
|
|
| 作者: | 《经典读库》编委会编著 | |
| 分册: | ||
| 出版信息: | 南京 江苏美术出版社 2013 |
|
| 页数: | 10,274页 | |
| 开本: | 24cm | |
| 丛书名: | ||
| 单 册: | ||
| 中图分类: | B825.5 | |
| 科图分类: | ||
| 主题词: | 女性--修养--通俗读物 , 女性 , 修养 | |
| 电子资源: | ||
| ISBN: | 978-7-5344-6791-2 | |
| 000 | 00813nam0 2200253 450 | |
| 001 | 012001002440 | |
| 005 | 20140926114740.0 | |
| 010 | @a978-7-5344-6791-2@dCNY29.80 | |
| 100 | @a20140204d2013 em y0chiy50 ea | |
| 101 | 0 | @achi |
| 102 | @aCN@b320000 | |
| 105 | @ay z 000yy | |
| 106 | @ar | |
| 200 | 1 | @a女人的资本@9nü ren de zi ben@e完美女性身心灵修行全集@f《经典读库》编委会编著 |
| 210 | @a南京@c江苏美术出版社@d2013 | |
| 215 | @a10,274页@d24cm | |
| 330 | @a本书能够指引女性更好地认识自己、发掘自己、完善自己,了解自身的优势资本和潜在资本。 | |
| 517 | 1 | @a完美女性身心灵修行全集@9wan mei nv xing shen xin ling xiu xing quan ji |
| 606 | 0 | @a女性@x修养@j通俗读物 |
| 606 | 0 | @a女性 |
| 606 | 0 | @a修养 |
| 690 | @aB825.5@v5 | |
| 801 | 0 | @aCN@b上海新华@c20180901 |
| 905 | @b1160801-5@dB825.5@e1224@f5 | |
| 女人的资本:完美女性身心灵修行全集/《经典读库》编委会编著.-南京:江苏美术出版社,2013 |
| 10,274页;24cm |
| ISBN 978-7-5344-6791-2:CNY29.80 |
| 本书能够指引女性更好地认识自己、发掘自己、完善自己,了解自身的优势资本和潜在资本。 |
| ● |
| 相关链接 |
|
|
|
|
正题名:女人的资本
索取号:B825.5/1224
 
预约/预借
| 序号 | 登录号 | 条形码 | 馆藏地/架位号 | 状态 | 备注 |
| 1 | 1160801 | 211608018 | 第一样本阅览室/ [索取号:B825.5/1224] | 在馆 | |
| 2 | 1160802 | 211608027 | 第一借阅区/ [索取号:B825.5/1224] | 在馆 | |
| 3 | 1160803 | 211608036 | 第一借阅区/ [索取号:B825.5/1224] | 在馆 | |
| 4 | 1160804 | 211608045 | 第一借阅区/ [索取号:B825.5/1224] | 在馆 | |
| 5 | 1160805 | 211608054 | 第一借阅区/ [索取号:B825.5/1224] | 在馆 |